000
00308nam a22001457a 4500
020
_a
978-81-226-0784-0
082
_a
894.812.1
_b
VAI/K
100
_a
VAILOPPILLY
245
_a
KADALKAKKAKAL
260
_a
THRISSUR
_b
CURRENT BOOKS
_c
2009
300
_a
91
520
_a
POETRY
650
_a
POETRY
942
_c
BK
999
_c
4511
_d
4511